Statistics for TOP 10 european countries with the most tanks

Click here to take the quiz!

General Stats

  • This quiz has been taken 39 times
  • The average score is 10 of 10

Answers on the Map

Answers color-coded by a green-red scale on the quiz's map according to % correct below.
 

Answer Stats

PlaceNumber of tanksCountry% Correct
8.406France
100%
4.863Poland
100%
1.12 420Russia
100%
9.327Spain
100%
3.1 243Greece
97%
2.2 596Ukraine
97%
5.601Belarus
92%
7.410Bulgaria
92%
6.451Romania
92%
10.323Serbia
92%

Score Distribution

Percentile by Number Answered

Percent of People with Each Score

Your Score History

You have not taken this quiz